000 00812nam a2200217Ii 4500
003 JO-AjNU
008 230605s9999||||xx |||||||||||||| ||und||
017 _a2006/1/126
040 _aJO-AjNU
_bara
_erda
_cJO-AjNU
041 _aara
050 1 4 _aQA76.M38 2009
100 3 _aالزعبي، "محمد بلال" ؛ م.مشارك: احمد الشرايعة، امجد هديب، خالدة محمد صايل الزعبي,
_eauthor
_929180
245 0 0 _aمواضيع متقدمة في مهارات الحاسوب= Computer Skills 2
250 _aط2
264 3 1 _aعمان: دار وائل للنشر،2009
300 _a348ص
336 _atext
_btxt
_2rdacontent
337 _aunmediated
_bn
_2rdamedia
338 _avolume
_bnc
_2rdacarrier
650 4 _aمهارات الحاسوب- الحواسيب
_929181
999 _aA11411
_c14979
_d14979